| 000 | 00519nam a2200193Ia 4500 | ||
|---|---|---|---|
| 008 | 191130s9999##################000#0#eng## | ||
| 020 | _a9780750654845 | ||
| 040 |
_aACL _cACL |
||
| 082 | _a332.6457 LOA | ||
| 100 | _aLoader, David | ||
| 245 |
_aClearing, settlement and custody _cDavid loader |
||
| 260 |
_aOxford _bButterworth Heinemann |
||
| 300 | _a235 p.; 23 cm . | ||
| 500 | _aincludes indexes | ||
| 650 | _aEconomics | ||
| 990 | _a5296664dac10000c241195a7a10ef2ee | ||
| 991 | _a169419 | ||
| 999 |
_c130616 _d130616 |
||